000 00676nam a22002297a 4500
008 131016b xxu||||| |||| 00| 0 alb d
020 _a9951021026
041 0 _aalb
080 _a32+321.7
100 1 _aKval, Karl - Erik
245 1 0 _aPolitika dhe Demokracia
_cKarl - Erik Kval, Aleks J. Mellbye, Bend Sofus Tranøy ; [Përkthyes : Ermir Pulaha]
250 _aBotimi 2.
260 _aPrishtinë :
_bRozafa ;
_c2006
300 _a253 f. :
_bme il. ;
_c24 cm.
500 _aParathënie f. : 3
650 0 _aPolitika botërore
650 0 _aDemokracia
700 _aMellbye, Aleks J.
700 _aTranøy, Bend Sofus
700 _aPulaha, Ermir
942 _2udc
_cBK
999 _c117
_d117